Women of the Bible. (Record no. 5130)

000 -LEADER
fixed length control field 00592nam a2200193 a 4500
001 - CONTROL NUMBER
control field :::00002871$&:&@@
003 - CONTROL NUMBER IDENTIFIER
control field OkBaRHE
005 - DATE AND TIME OF LATEST TRANSACTION
control field 20000607103257.0
008 - FIXED-LENGTH DATA ELEMENTS--GENERAL INFORMATION
fixed length control field s1926 j 000 0 eng u
040 ## - CATALOGING SOURCE
Transcribing agency
100 1# - MAIN ENTRY--PERSONAL NAME
Personal name Lundholm, Algot Theodore.
245 10 - TITLE STATEMENT
Title Women of the Bible.
260 ## - PUBLICATION, DISTRIBUTION, ETC. (IMPRINT)
Place of publication, distribution, etc Rock Island, IL., :
Name of publisher, distributor, etc Augustana Book Concern
Date of publication, distribution, etc c1926
300 ## - PHYSICAL DESCRIPTION
Extent 299 p. ;
Dimensions 19 cm.
650 ## - SUBJECT ADDED ENTRY--TOPICAL TERM
Topical term or geographic name as entry element Bible New Testament
General subdivision Biography
650 ## - SUBJECT ADDED ENTRY--TOPICAL TERM
Topical term or geographic name as entry element Women In The Bible
942 ## - ADDED ENTRY ELEMENTS (KOHA)
Source of classification or shelving scheme
Koha item type Books
Copies
Shelving location Barcode Source of classification or shelving scheme Price effective from Lost status Permanent Location Date last seen Date acquired Withdrawn status Copy number Koha item type Not for loan Full call number Damaged status
General Stacks2871 2010-04-14 RHEMA Bible Training College2018-03-162010-04-14 1Books BS 2445 .L725